Project management and the changing nature of the quantity surveying profession (Record no. 106049)

MARC details
000 -LEADER
fixed length control field 01262cam a2200265 4500
001 - CONTROL NUMBER
control field ##L135413
008 - FIXED-LENGTH DATA ELEMENTS--GENERAL INFORMATION
fixed length control field 061025n2006 000 0 eng u
020 ## - INTERNATIONAL STANDARD BOOK NUMBER
International Standard Book Number 9781842193074
035 ## - SYSTEM CONTROL NUMBER
System control number (Sirsi) u135413
041 0# - LANGUAGE CODE
Language code of text/sound track or separate title eng
050 04 - LIBRARY OF CONGRESS CALL NUMBER
Classification number 692.5 $2 18
100 1# - MAIN ENTRY--PERSONAL NAME
Personal name Potts, Keith
245 00 - TITLE STATEMENT
Title Project management and the changing nature of the quantity surveying profession
Remainder of title Heathrow Terminal 5 case study
260 ## - PUBLICATION, DISTRIBUTION, ETC.
Place of publication, distribution, etc. London
Name of publisher, distributor, etc. RICS
Date of publication, distribution, etc. 2006
490 #0 - SERIES STATEMENT
Series statement COBRA
Volume/sequential designation 2006
520 ## - SUMMARY, ETC.
Summary, etc. Considers BAA plc's progressive style of project management on the Heathrow Terminal 5 project and aims to identify the changing role of the quantity surveyor, highlighting the required competencies, knowledge base, tools and techniques. The Heathrow case study reveals that the quantity surveyor still has a key role in construction cost and commercial management.
590 ## - LOCAL NOTE (RLIN)
Local note IKA311006 NTK
650 24 - SUBJECT ADDED ENTRY--TOPICAL TERM
Topical term or geographic name entry element HEATHROW TERMINAL 5
651 #4 - SUBJECT ADDED ENTRY--GEOGRAPHIC NAME
Geographic name United Kingdom
Chronological subdivision
690 ## - LOCAL SUBJECT ADDED ENTRY--TOPICAL TERM (OCLC, RLIN)
Topical term or geographic name as entry element Quantity surveying
9 (RLIN) 6263
690 ## - LOCAL SUBJECT ADDED ENTRY--TOPICAL TERM (OCLC, RLIN)
Topical term or geographic name as entry element Project management
9 (RLIN) 6261
711 2# - ADDED ENTRY--MEETING NAME
Meeting name or jurisdiction name as entry element Construction and Building Research Conference
Number of part/section/meeting (11th
Date of meeting or treaty signing 2006
Location of meeting London)
856 40 - ELECTRONIC LOCATION AND ACCESS
Uniform Resource Identifier <a href="https://www.rics.org/site/scripts/download_info.aspx?downloadID=2767">https://www.rics.org/site/scripts/download_info.aspx?downloadID=2767</a>
Public note View the paper free of charge at www.rics.org...
942 ## - ADDED ENTRY ELEMENTS (KOHA)
Suppress in OPAC 0
Holdings
Withdrawn status Lost status Source of classification or shelving scheme Damaged status Not for loan Home library Current library Shelving location Date acquired Total Checkouts Full call number Barcode Date last seen Copy number Price effective from Koha item type
    Dewey Decimal Classification     Virtual Virtual Online 25/10/2006   ONLINE PUBLICATION 135413-2001 06/08/2019 1 06/08/2019 Book